San Francisco 49ers Ring of Honor - Statistics

General Stats
  • This quiz has been taken 37 times
  • The average score is 11 of 29
Answer Stats
Position Years Answer % Correct
QB 1979–1992 Joe Montana
97%
DT 1994-2007 Bryant Young
93%
QB 1987–1999 Steve Young
93%
WR 1985–2000 Jerry Rice
83%
Coach 1979–1988 Bill Walsh
62%
WR 1957-1961 R.C. Owens
62%
WR 1996–2003 Terrell Owens
62%
QB 1951–1960 Y. A. Tittle
62%
RB 1983–1990 Roger Craig
59%
CB 1981–1990 Ronnie Lott
59%
WR 1979–1987 Dwight Clark
55%
QB 1957–1973 John Brodie
45%
Owner 1978-2000 Edward DeBartolo Jr.
38%
DB coach, Defensive coordinatorHead coach 1980–1982; 1983–1988;1989–1996 George Seifert
34%
OLB 1986–1991, 1998–1999 Charles Haley
31%
CB 1961–1976 Jimmy Johnson
28%
RB 1954–1956 John Henry Johnson
28%
FB RB coach 1986–1993, 1997–2002;2009–2016 Tom Rathman
28%
DE 1981–1985 Fred Dean
14%
RB 1952-1960 Hugh McElhenny
14%
RB 1948–1960, 1963 Joe Perry
14%
DT/OT 1950–1963 Leo Nomellini
10%
OT 1953–1963 Bob St. Clair
7%
DT 1959–1973 Charlie Krueger
7%
LB 1964–1974 Dave Wilcox
3%
Executive 1980–1995., 1998–1999 John McVay
3%
Founder 1946–1957 Tony Morabito
3%
Owner 1946–1964 Vic Morabito
3%
WR 1949–1958 Gordon Soltau
0%
No matching quizzes found
Score Distribution
Percent of People with Each Score
Percentile by Number Answered
Your Score History
You have not taken this quiz